000 003750000a22001570004500
003 MACL
005 20160102170524.0
008 160102b xxu||||| |||| 00| 0 eng d
040 _aMACL
_cMACL
041 _aEnglish
082 _a531/KHA
100 _aKhanikoff, N
_927401
245 _aBook of The Balance of Wisdom
650 _aPhysics
_927402
942 _cBK
_k531/KHA
_2ddc
999 _c39141
_d39141